| 000 | 00674nam a2200229Ia 4500 | ||
|---|---|---|---|
| 005 | 20250108124807.0 | ||
| 008 | 008 250107s9999 xx 000 0 eng d | ||
| 020 | _a81-89537-17-2 | ||
| 037 | _aTB | ||
| 040 |
_aCRL _beng _cCRL |
||
| 041 |
_aeng _2eng |
||
| 084 | _aP35,4 R1.2 | ||
| 084 | _qCRL | ||
| 100 |
_aSharma Rakesh K. Ed.; Srivastava Anju Ed. _9729847 |
||
| 245 | 0 |
_aGreen chemistry for beginners _cSharma Rakesh K. Ed.; Srivastava Anju Ed. |
|
| 260 |
_aTemasek, Singapore _bAvenue Jenny Stanford Publishing _c2219 |
||
| 300 | _axx,333p. | ||
| 365 |
_aINR _b75 |
||
| 650 | _aCHEMISTRY | ||
| 942 |
_cTB _hP35,4 R1.2 |
||
| 999 |
_c1234607 _d1234607 |
||